The Owl House Characters by Episode Count - Statistics

General Stats
  • This quiz has been taken 92 times
  • The average score is 12 of 16
Answer Stats
# Ep. Character % Correct
24 Amity Blight
100%
42 Luz Noceda
100%
41 King Clawthorne
99%
39 Eda Clawthorne
98%
24 Gus Porter
98%
24 Willow Park
98%
12 Hunter
93%
16 Emperor Belos
88%
19 Lilith Clawthorne
88%
33 Hooty
85%
11 Kikimora
59%
10 Edric Blight
54%
13 Principal Bump
52%
31 Owlbert
41%
9 Tinella Nosa
36%
11 Skara
22%
No matching quizzes found
Score Distribution
Percent of People with Each Score
Percentile by Number Answered
Your Score History
You have not taken this quiz